000 00560nam a2200181 i 4500
001 34643
003 ES-MaACL
005 20230906154954.0
007 t|
008 030207s1955 sp ||||1| spa d
100 1 _aBlunden, Godfrey.
_929602
245 1 3 _aEl tiempo de los asesinos /
_cGodfrey Blunden ; [versión española de Ana Mª Foronda].
250 _a[1ª ed.].
260 _aBarcelona :
_bLuis de Caralt,
_c[1955] (
_fJ. Chimenos)
300 _a306 p. ;
_c20 cm.
700 1 _aForonda, Ana-María de.
_951800
852 _aES-MaACL
_jC-10486
_bR.38241
999 _c34643
_d34643